000 00818cam a2200253 a 4500
001 000008890
005 20200929161431.0
008 800722s1979 sp 000 f spa
020 _a8402062229
035 _a(DLC) 79118649
040 _aDO-SdBNP
_dspa
_cLC
_dBNPHU
082 _aA863.6
_bS714t
100 1 _aSoriano, Osvaldo,
_d1943-1997
_923443
245 1 0 _aTriste, solitario y final /
_cOsvaldo Soriano ; edición Clara Hernández.
260 _aBarcelona :
_bBruguera,
_c1979.
300 _a186 p. ;
_c18 cm.
490 1 _aLa honda casa de las américas cuba
650 4 _aNovela policíaca argentina
_923444
650 4 _aLiteratura argentina
_93860
700 1 _aHernández, Clara,
_eed.
_94129
830 0 _aLa honda casa de las américas cuba
_923445
910 _aCatalogación derivada
049 _aBNGR
999 _c8659
_d8659